000 00465nam a2200169 i 4500
001 95076
003 ES-MaACL
005 20230906181629.0
007 t|
008 050523s1924 fr ||||1| fre d
100 1 _aLumière, Auguste.
_974744
245 1 3 _aLe problème de l'anaphylaxie /
_cAuguste Lumière.
260 _aParis :
_bOctave Doin,
_c1924.
300 _aX, 242 p., 33 lám. ;
_c23 cm.
650 4 _aAnafilaxia.
_9151780
852 _aES-MaACL
_jB-11410
999 _c95076
_d95076